Statistics for Aiko - Pedestal (Lyrics)

Click here to take the quiz!

General Stats

  • This quiz has been taken 7 times
  • The average score is 182 of 261

Answer Stats

Lyrics% Correct
a
100%
i
100%
my
100%
myself
100%
on
100%
pedestal)
100%
pedestal
100%
the
100%
go?
80%
loving
80%
(loving
80%
more)
80%
more
80%
stay
80%
to
80%
will
80%
you
80%
all
60%
and
60%
be
60%
but
60%
did
60%
everything
60%
finally
60%
for
60%
free
60%
full
60%
get
60%
give
60%
i'll
60%
i'm
60%
it
60%
love
60%
me
60%
means
60%
need
60%
no
60%
not
60%
nothing
60%
of
60%
or
60%
put
60%
(put
60%
same
60%
shit
60%
silent
60%
so
60%
stays
60%
then
60%
tired
60%
when
60%
where
60%
your
60%
Your
60%
you're
60%
action
40%
ask
40%
bullshit
40%
don't
40%
else
40%
explaining
40%
feel
40%
force
40%
irony
40%
know
40%
learn
40%
now
40%
please
40%
pride
40%
shame
40%
should
40%
sorry
40%
than
40%
things
40%
truly
40%
violent
40%
yeah
40%
any
20%
just
20%
learned
20%
life
20%
proof
20%

Score Distribution

Percentile by Number Answered

Percent of People with Each Score

Your Score History

You have not taken this quiz